Представление документа в формате RUSMARC

ПолеНазваниеЗначение
  Тип записи a
  Библиографический уровень m
001 Контрольный номер RU/SLIB/B/208711001
005 Дата корректировки 20201206203909.6
010 Индекс ISBN __
d Цена 0-45
101 Язык документа __
a Язык текста rus
200 Заглавие и сведения об ответственности 1_
a Заглавие Нефтяник
e Сведения, относящиеся к заглавию док. повесть
f Первые сведения об ответственности предисл. Н. К. Байбакова
b Общее обозначение материала Текст
210 Выходные данные __
a Место издания М.
c Издательство Совет. Россия
d Дата издания 1981
215 Физическое описание __
a Объем 255 с. , [1] л. портр.
225 Серия __
a Серия Люди Советской России
600 Персоналии __
a Персоналии (Фамилия) Муравленко, В. И.
606 Тематические рубрики __
a Основная рубрика Экономика
606 Тематические рубрики __
a Основная рубрика Экономика топливной промышленности
y Географическая подрубрика Россия; Тюменская область
606 Тематические рубрики __
a Основная рубрика Горное дело
606 Тематические рубрики __
a Основная рубрика Разработка нефтяных и газовых месторождений
610 Ключевые слова __
a Ключевые слова месторождения; документальные повести
686 Индексы других классификаций __
2 Код системы rubbks
a Классификационный индекс К65.305.143(2Рос)
a Классификационный индекс К33.361
700 Автор _1
a Фамилия Юрасова
b Имя М. К.
4 Код отношения 070
701 Альтернативная интеллектуальная ответственность _1
a Фамилия Юрасова
b Имя Г. М.
801 Источник записи _0
a Страна RU
b Организация Муниципальное бюджетное учреждение культуры "Централизованная библиотечная система" г. Сургут (Центральная городская библиотека им. А. С. Пушкина)
g Правила каталогизации ОБ/Гудкова
801 Источник записи _1
a Страна RU
b Организация Муниципальное бюджетное учреждение культуры "Централизованная библиотечная система" г. Сургут (Центральная городская библиотека им. А. С. Пушкина)
g Правила каталогизации ОБ/Гудкова
852 Данные о местонахождении __
j Шифр хранения К65.305.143(2Рос)
c Каталожный индекс К65.304.13(2Рос); К33.361
i Авторский знак Ю 64
p Инвентарный номер 67519; 12249
901 Тип документа __
t Тип документа m
903 Характеристики (МАРС) __
a Дата передачи 19980316
990 Данные о заказе (DOS) 00
j Количество экземпляров (DOS) 8